Cost accounting : a managerial emphasis. / (Record no. 1262)
[ view plain ]
| 000 -LEADER | |
|---|---|
| fixed length control field | 01618nam a22001697a 4500 |
| 008 - FIXED-LENGTH DATA ELEMENTS--GENERAL INFORMATION | |
| fixed length control field | 120612t xxu||||| |||| 00| 0 eng d |
| 020 ## - INTERNATIONAL STANDARD BOOK NUMBER | |
| International Standard Book Number | 0130391425 |
| 050 ## - LIBRARY OF CONGRESS CALL NUMBER | |
| Classification number | HF5686.C8 C671 |
| 100 ## - MAIN ENTRY--PERSONAL NAME | |
| Personal name | Horngren, Charles T. |
| 245 ## - TITLE STATEMENT | |
| Title | Cost accounting : a managerial emphasis. / |
| Statement of responsibility, etc. | Charles T. Horngren |
| 260 ## - PUBLICATION, DISTRIBUTION, ETC. | |
| Place of publication, distribution, etc. | Toronto: |
| Name of publisher, distributor, etc. | Prentice - Hall, |
| Date of publication, distribution, etc. | 2004. |
| 300 ## - PHYSICAL DESCRIPTION | |
| Extent | iv, 24-36 p.: |
| Dimensions | 28cm. |
| 505 ## - FORMATTED CONTENTS NOTE | |
| Formatted contents note | Contents: The Accountant's role in the organization -- An Introduction of cost terms and purposes -- Costs- volume - profit analysis -- Job costing -- Activity-based costing and activity-based management -- Master budget and responsibility accounting -- Flexible budgets, variances and management control I -- Flexible budgets, variances and management control II -- Income effects of alternative inventory costing methods -- Determining how costs behave -- Decision making and relevant information -- Pricing decisions, products profitability decisions, and cost management -- Strategy, balanced scorecard, and strategic profitability analysis -- Cost allocation -- Cost allocation: Joint products by-products -- Revenues, sales variances and customers profitability analysis -- Process costing -- Spoilage, rework and scrap -- Cost management : quality, time and the theory of constraints -- Inventory management, just-in-time, and backflush costing -- Capital budgeting : a closer look -- Management control systems, transfer pricing, and multinational considerations -- Performance measurement, compensation, multinational considerations. |
| 700 ## - ADDED ENTRY--PERSONAL NAME | |
| Personal name | Charles T. Horngren |
| 700 ## - ADDED ENTRY--PERSONAL NAME | |
| Personal name | George Foster |
| 942 ## - ADDED ENTRY ELEMENTS (KOHA) | |
| Source of classification or shelving scheme | Library of Congress Classification |
| Koha item type | Books |
| Withdrawn status | Lost status | Source of classification or shelving scheme | Damaged status | Not for loan | Home library | Current library | Shelving location | Date acquired | Total Checkouts | Full call number | Barcode | Date last seen | Copy number | Price effective from | Koha item type |
|---|---|---|---|---|---|---|---|---|---|---|---|---|---|---|---|
| Library of Congress Classification | WISCONSIN INTERNATIONAL UNIVERSITY COLLEGE, GHANA - MAIN LIBRARY | WISCONSIN INTERNATIONAL UNIVERSITY COLLEGE, GHANA - MAIN LIBRARY | General Stacks | 12/06/2012 | HF5686.C8 C671 | 3416/12 | 12/06/2012 | 1 | 12/06/2012 | Books |
